| 000 | 00873nam a22002057a 4500 | ||
|---|---|---|---|
| 999 |
_c3163 _d3163 |
||
| 003 | AR-CdUCM | ||
| 008 | 190306b ||||| |||| 00| 0 spa d | ||
| 040 |
_aMUNICIPALIDAD PROVINCIAL DEL CUSCO _cBIBLIOTECA MUNICIPAL DEL CUSCO |
||
| 082 |
_a348.885 / _bM32 |
||
| 100 |
_aMayor Sánchez, Jorge Luis _910652 |
||
| 245 |
_aComentarios a la Ley Procesal del Trabajo : _bLey N°29497 |
||
| 260 |
_aPerú : _bECB Ediciones : _c2013. |
||
| 300 |
_a216 páginas ; _c24.5 cm. |
||
| 505 | _aContenido : Titulo preliminar, Jurisdiccion -- Competencia y su Procedimiento para Entablar una acción laboral --Jurisdiccion y Competencia -- Comparecencia al Proceso y Acumulacion -- Actuaciones Procesales -- La Postulación del Proceso... | ||
| 650 |
_aAmbito Laboral _910653 |
||
| 650 |
_aDerecho Laboral _95297 |
||
| 650 |
_aLey Procesal _910654 |
||
| 942 |
_2ddc _cLIBROS |
||
| 945 | _artm | ||